Las Juntas Militares de la Defensa (Registro nro. 98080)

Detalles MARC
000 -LEADER
campo de control de longitud fija 00951nam a2200217 i 4500
001 - NÚMERO DE CONTROL
campo de control 98080
003 - IDENTIFICADOR DE NÚMERO DE CONTROL
campo de control ES-MaACL
005 - FECHA Y HORA DE LA ÚLTIMA TRANSACCIÓN
campo de control 20250604062626.0
007 - CAMPO FIJO DE DESCRIPCIÓN FÍSICA--INFORMACIÓN GENERAL
campo de control de longitud fija t|
008 - DATOS DE LONGITUD FIJA--INFORMACIÓN GENERAL
campo de control de longitud fija 050721s1923 sp |||| | spa d
100 1# - ENTRADA PRINCIPAL--NOMBRE DE PERSONA
Nombre de persona Márquez, Benito.
9 (RLIN) 77000
245 14 - MENCIÓN DEL TÍTULO
Título Las Juntas Militares de la Defensa
Resto del título : organización, actuación, derivaciones políticas e internacionales, negocios de la guerra, la revolución en Cataluña y Asturias : conminación de abdicación formulada por Inglaterra : otros aspectos interesantes de la emoción revolucionaria de 1917 /
Mención de responsabilidad, etc. ex coronel Márquez y J.M. Capo.
260 ## - PUBLICACIÓN, DISTRIBUCIÓN, ETC.
Lugar de publicación, distribución, etc. Barcelona :
Nombre del editor, distribuidor, etc. Librería Sintes,
Fecha de publicación, distribución, etc. 1923 (
Fabricante Imp. Clarasó)
300 ## - DESCRIPCIÓN FÍSICA
Extensión 271 p. ;
Dimensiones 20 cm.
651 #4 - PUNTO DE ACCESO ADICIONAL DE MATERIA--NOMBRE GEOGRÁFICO
Nombre geográfico España-
Subdivisión general Política militar-
Subdivisión cronológica S.XX.
9 (RLIN) 8435
651 #4 - PUNTO DE ACCESO ADICIONAL DE MATERIA--NOMBRE GEOGRÁFICO
Nombre geográfico España-
Subdivisión general Historia-
Subdivisión cronológica 1902-1931, Alfonso XIII
9 (RLIN) 8276
700 1# - ENTRADA AGREGADA--NOMBRE PERSONAL
Nombre de persona Capo, José María.
9 (RLIN) 169591
852 ## - LOCALIZACIÓN
Ubicación ES-MaACL
Número de control de estantería B-12272
852 ## - LOCALIZACIÓN
Ubicación ES-MaACL
Número de control de estantería E-10309
Existencias
Estatus retirado Estado de pérdida Estado de daño No para préstamo Biblioteca de origen Biblioteca actual Ubicación en estantería Fecha de adquisición Fuente de adquisición Total de préstamos Signatura topográfica completa Código de barras Visto por última vez Precio de reemplazo Tipo de ítem Koha
        Biblioteca del Ateneo de Madrid Biblioteca del Ateneo de Madrid Depósito 2 04/05/2005     E-10309 1201544 23/02/2023 23/02/2023 Libro impreso
        Biblioteca del Ateneo de Madrid Biblioteca del Ateneo de Madrid Sala Pardo Bazán 17/01/2008     B-12272 1102385 23/02/2023 23/02/2023 Libro impreso